| 000 | 01149cam0 2200313 ib4500 | ||
|---|---|---|---|
| 001 | BY-MI0021-br791248 | ||
| 005 | 20260224095139.0 | ||
| 010 |
^a0-7172-8483-2 ^bв переплете |
||
| 100 | ^a20260218d1995 a y0engy50 ca | ||
| 101 | 0 | ^aeng | |
| 102 | ^aUS | ||
| 105 | ^aa z 000oy | ||
| 109 | ^ama | ||
| 200 | 1 |
^a101 dalmatians ^fBased on the book by Dodie Smhit |
|
| 210 |
^aБ. м. ^cGrolier books ^d1995 |
||
| 215 |
^a[41] с. ^cцв. ил. ^d22 см |
||
| 225 | 1 | ^aWalt Disney | |
| 300 | ^aЗаглавие и автор оригинала: 101 далматинец / основано на книге Доди Смит | ||
| 606 |
^aХУДОЖЕСТВЕННАЯ ЛИТЕРАТУРА ^3BY-NLB-ar37179 ^2DVNLB |
||
| 610 | 0 | ^aДИСНЕЙ УОЛТ МУЛЬТФИЛЬМЫ | |
| 686 |
^a84(4Вел) ^2rubbk |
||
| 690 |
^a1 ^2Base ^9BY-MI0021 ^xRSEK |
||
| 701 | 1 |
^aСмит ^bД. ^gДоди ^cписательница ^f1896—1990 ^3BY-SEK-177179 |
|
| 801 | 0 |
^aBY ^bBY-MI0021 ^c20260218 ^gRCR |
|
| 035 | ^a(BY-MI0021)BY-MI0021-br791248 | ||
| 899 | 0 |
^aBY-MI0021 ^iС 81 ^h84(4Вел) |
|